000 00343nam a2200145Ia 4500
999 _c14089
_d14089
003 OSt
005 20260317152835.0
008 260210s9999 xx 000 0 und d
020 _a9788957707326
082 _a729
100 _aArchiworld
245 0 _aDetail Plus Interior+Architecture, Vol. III
260 _bArchiworld
942 _cBDES
_2ddc